[Event "Kiev Spring op"]
[Site "Kiev"]
[Date "2023.03.25"]
[Round "1"]
[White "Kazakov, Maksym"]
[Black "Sytnyk, Liliya"]
[Result "0-1"]
[WhiteElo "2039"]
[BlackElo "1368"]
[PlyCount "98"]
[EventDate "2023.03.25"]
[EventType "swiss"]
[EventRounds "9"]
[EventCountry "UKR"]
[SourceTitle "EXT 2024"]
[Source "ChessBase"]
[SourceDate "2023.10.10"]
[SourceVersion "1"]
[SourceVersionDate "2023.10.10"]
[SourceQuality "1"]

1. b3 d5 2. Bb2 Bf5 3. e3 e6 4. Be2 Nd7 5. f4 h6 6. Nf3 Ngf6 7. 0-0 Bd6 8. Ne5 0-0 9. Bf3 c6 10. c4 Qc7 11. Nxd7 Nxd7 12. Nc3 dxc4 13. bxc4 Bd3 14. Be2 Nc5 15. Rf3 e5 16. Ba3 Bxe2 17. Qxe2 exf4 18. Bxc5 Bxc5 19. Na4 Bd6 20. c5 Be5 21. d4 Bf6 22. Raf1 Rae8 23. Rxf4 Bg5 24. R4f3 Qa5 25. Nb2 Qxa2 26. Kf2 Rxe3 27. Rxe3 Bxe3+ 28. Qxe3 Qxb2+ 29. Kg3 Qc2 30. h4 Qg6+ 31. Kh2 Rd8 32. Rf4 Qe6 33. Re4 Qd5 34. Rg4 Kf8 35. Qg3 g6 36. Qc7 Qd7 37. Qf4 Kg7 38. h5 g5 39. Qe5+ f6 40. Qe4 Qf7 41. Rg3 Qxh5+ 42. Rh3 Qf7 43. Ra3 a6 44. Ra4 Re8 45. Qb1 Qh5+ 46. Kg1 Re7 47. Rb4 Qh4 48. Rxb7 Qxd4+ 49. Kh2 Qxc5 0-1